000 00261nam a22001217a 4500
008 170713b xxu||||| |||| 00| 0 eng d
041 _aeng
080 _a82
100 _a22
101 _aGJL
245 _aTHE SECRET DOCTRINE
_cBLAVATSKY,H.P
942 _2udc
_cBK
999 _c20575
_d20575